| 000 | 00488 a2200217 4500 | ||
|---|---|---|---|
| 260 | _aParis | ||
| 100 | _aGARNIER, Marcel | ||
| 700 | 1 | _aDELAMARE, Valery | |
| 260 | _bMaloine | ||
| 245 | _aDictionnaire des termes techniques de médecine | ||
| 300 | _a873p. | ||
| 650 | _aDICTIONNAIRE | ||
| 650 | _aMEDECINE | ||
| 260 | _c1985 | ||
| 130 | _lFr. | ||
| 250 | _a21e éd. revue et augmentée | ||
| 690 | _aMEDECINE. | ||
| 020 | _a2-224-01030-3 | ||
| 999 |
_c24493 _d24493 |
||